| 000 | 01842cam a2200481 a 4500 | ||
|---|---|---|---|
| 001 | 15335230 | ||
| 003 | OSt | ||
| 005 | 20260213074219.0 | ||
| 008 | 080618s2009 nyua j b 001 0 eng | ||
| 010 | _a 2008025372 | ||
| 016 | _a20089036492 | ||
| 020 |
_a9780778742562 _qreinforced library binding : alk. paper |
||
| 020 |
_a0778742563 _qreinforced library binding : alk. paper |
||
| 020 |
_a9780778742616 _qpbk. : alk. paper |
||
| 020 |
_a077874261X _qpbk. : alk. paper |
||
| 035 | _a15335230 | ||
| 035 | _a(OCoLC)227911753 | ||
| 037 |
_a1286305 _bQBI |
||
| 040 |
_aDLC _cDLC _dQBX _dBTCTA _dBAKER _dDLC |
||
| 050 | 0 | 0 |
_aHB183 _b.C64 2009 |
| 082 | 0 | 0 |
_a333.7/11 _222 |
| 100 | 1 | _aCohn, Jessica. | |
| 245 | 1 | 0 |
_aWhat is scarcity of resources? / _cJessica Cohn. |
| 246 | 3 | 0 | _aScarcity of resources |
| 260 |
_aNew York : _bCrabtree Pub., _cc2009. |
||
| 300 |
_a32 p. : _bill. (chiefly col.) ; _c29 cm. |
||
| 336 |
_atext _btxt _2rdacontent |
||
| 337 |
_aunmediated _bn _2rdamedia |
||
| 338 |
_avolume _bnc _2rdacarrier |
||
| 490 | 1 | _aEconomics in action | |
| 504 | _aIncludes bibliographical references (p. 32) and index. | ||
| 650 | 0 |
_aEconomics _vJuvenile literature. |
|
| 650 | 0 |
_aNatural resources _vJuvenile literature. |
|
| 650 | 0 |
_aScarcity _vJuvenile literature. |
|
| 650 | 0 |
_aCapital _vJuvenile literature. |
|
| 655 | 7 |
_aLiterature. _2lcgft _0https://id.loc.gov/authorities/genreForms/gf2014026415 |
|
| 830 | 0 | _aEconomics in action. | |
| 856 | 4 | 1 |
_3Table of contents only _uhttp://www.loc.gov/catdir/toc/ecip0821/2008025372.html |
| 906 |
_a7 _bcbc _corignew _d1 _eecip _f20 _gy-gencatlg |
||
| 942 |
_2lcc _cBK |
||
| 999 |
_c265878 _d265877 |
||